Tribhuvan University Central Library

Introduction of culture and society (Record no. 94585)

MARC details
000 -LEADER
fixed length control field 00546nam a22001937a 4500
008 - FIXED-LENGTH DATA ELEMENTS--GENERAL INFORMATION
fixed length control field 200227b xxu||||| |||| 00| 0 eng d
020 ## - INTERNATIONAL STANDARD BOOK NUMBER
International Standard Book Number 9993397954
082 ## - DEWEY DECIMAL CLASSIFICATION NUMBER
Classification number 306
Item number B4693i
100 ## - MAIN ENTRY--PERSONAL NAME
Personal name Bhattrai, Sajal
245 ## - TITLE STATEMENT
Title Introduction of culture and society
260 ## - PUBLICATION, DISTRIBUTION, ETC.
Place of publication, distribution, etc. Kathmandhu :
Name of publisher, distributor, etc. National Book Center,
Date of publication, distribution, etc. 2003
300 ## - PHYSICAL DESCRIPTION
Extent 231p.
504 ## - BIBLIOGRAPHY, ETC. NOTE
Bibliography, etc. note Bibliography:p. 229-231
650 ## - SUBJECT ADDED ENTRY--TOPICAL TERM
Topical term or geographic name entry element Social science
650 ## - SUBJECT ADDED ENTRY--TOPICAL TERM
Topical term or geographic name entry element Cultural activities
650 ## - SUBJECT ADDED ENTRY--TOPICAL TERM
Topical term or geographic name entry element Cultural anthropology
9 (RLIN) 22773
650 ## - SUBJECT ADDED ENTRY--TOPICAL TERM
Topical term or geographic name entry element Cultural sociology
942 ## - ADDED ENTRY ELEMENTS (KOHA)
Source of classification or shelving scheme Dewey Decimal Classification
Koha item type ISBN
Holdings
Withdrawn status Lost status Source of classification or shelving scheme Damaged status Not for loan Home library Current library Date acquired Total Checkouts Full call number Barcode Date last seen Price effective from Koha item type
    Dewey Decimal Classification     Tribhuvan University Central Library Tribhuvan University Central Library 02/27/2020   306 B586i IS1882 02/27/2020 02/27/2020 ISBN